|
|
|
|
| LEADER |
01764njm a2200421 a 4500 |
| 001 |
000927484 |
| 003 |
CZ BrMZK |
| 005 |
20090130095303.0 |
| 007 |
sd fsngnnmmned |
| 008 |
090120s2008 xr ppn g cze d |
| 024 |
1 |
|
|a 099925590222
|
| 028 |
3 |
1 |
|a SU 5902-2
|b Supraphon Music
|
| 040 |
|
|
|a BOA001
|b cze
|
| 040 |
|
|
|a ABA001
|b cze
|
| 045 |
|
|
|a x7y0
|
| 072 |
|
7 |
|a 784
|x Vokální hudba
|2 Konspekt
|9 9
|
| 080 |
|
|
|a 78.036
|2 MRF
|
| 080 |
|
|
|a (086.76)
|2 MRF
|
| 245 |
0 |
0 |
|a Radio Beat doporučuje díla českých mistrů [oranžové CD]
|h [zvukový záznam]
|
| 260 |
|
|
|a Praha :
|b Supraphon Music,
|c p2008
|
| 300 |
|
|
|a 1 zvuková deska (77:00) :
|b digital, stereo ;
|c 12 cm
|
| 306 |
|
|
|a 011700
|
| 500 |
|
|
|a Vybral a sestavil Pavel Malúš
|
| 500 |
|
|
|a Původní fonogramy p1975-p2008 Supraphon a další vydavatelství
|
| 500 |
|
|
|a Kompaktní deska (AAD)
|
| 505 |
0 |
0 |
|t Sbal si to svý ráno --
|t Miluju severní nebe (live) --
|t Burlaci --
|t Odjezd --
|t Hudba radost dává --
|t Táhne mi na čtyřicet --
|t Já (Sobectví) --
|t Lucrezia Borgia --
|t Marilyn --
|t Časy zlý --
|t Zůstaň klidná --
|t Carmen --
|t Lepší časy --
|t Blues starý ženský --
|t Bróňa s Máňou (live) --
|t Ej, padá, padá rosenka --
|t Země se točí dokola --
|t Dračí křídla
|
| 511 |
1 |
|
|a Pražský výběr a další
|
| 648 |
|
4 |
|a 1975-2008
|
| 650 |
0 |
7 |
|a rock
|7 ph125174
|2 czenas
|
| 650 |
0 |
7 |
|a populární písně
|7 ph124354
|y 1970-2010
|2 czenas
|
| 655 |
|
7 |
|a kompaktní desky
|7 fd201991
|2 czenas
|
| 710 |
2 |
|
|a Pražský výběr (hudební skupina)
|7 kn20010711365
|
| 740 |
0 |
2 |
|a Sobectví
|
| 910 |
|
|
|a BOA001
|b CD-0015.013
|
| 990 |
|
|
|a AV
|
| 995 |
|
|
|a 01
|
| 991 |
|
|
|b 200901
|
| 996 |
6 |
|
|b 261H016674
|c CD-0015.013
|l MZK
|r Sklad / do 24 hodin
|n 0
|w 000927484
|u 000010
|a 1
|e BOA001
|j MZK50
|s P
|